000 00709nam a2200181Ia 4500
008 090630s9999 xx 000 0 und d
082 _b23371
100 _aसंपादन शेवते अरुण.
245 _aनापास मुलाची गोष्ट.
_cसंपादन शेवते अरुण.
260 _bऋतूरंग - मुंबई.
_c2005
300 _a248
600 _aसंपादन शेवते अरुण.
630 _aनापास मुलाची गोष्ट.
655 _aइतर.
700 _aसंपादन शेवते अरुण.
730 _aनापास मुलाची गोष्ट.
942 _cBOOK
999 _c275227
_d275227